Stations du RER D - Statistiques

Statistiques générales
  • Ce quiz a été pris 948 fois
  • Le résultat moyen est 29 sur 59
Statistiques - réponses
Zone Département Terminus/RER Station % Correct
1 75 Terminus/RER A Gare de Lyon
92%
1 75 Terminus/RER B/RER E Gare du Nord
92%
1 75 Terminus/RER A/RER B Châtelet-Les Halles
91%
5 77 Terminus Melun
85%
Hors Île de France 60 Terminus Creil
84%
3 93 - Saint-Denis
81%
4 91 Terminus/RER C Juvisy
78%
5 91 - Evry
74%
4 94 - Villeneuve-Saint-Georges
73%
3 94 - Créteil-Pompadour
71%
2 93 Terminus Stade de France-Saint-Denis
71%
5 91 Terminus Corbeil-Essonnes
70%
5 95 Terminus Goussainville
69%
Hors Île de France 60 Terminus Orry-la-Ville-Coye
66%
Hors Île de France 45 Terminus Malesherbes
64%
4 94 - Villeneuve-Triage
62%
3 94 - Maisons-Alfort-Alfortville
61%
4 95 Terminus Villiers-le-Bel-Gonesse-Arnouville
61%
4 95 - Garges-Sarcelles
58%
4 91 - Yerres
58%
3 94 - Le Vert de Maisons
57%
5 91 - Brunoy
55%
5 91 - Ris-Orangis
54%
5 77 Terminus Combs-la-Ville-Quincy
53%
4 93 - Pierrefitte-Stains
53%
5 91 - Grigny-Centre
51%
5 77 - Le Mée
51%
4 91 - Viry-Châtillon
51%
5 91 - Evry-Courcouronnes
50%
5 91 - Le Bras de Fer
50%
5 95 - Louvres
50%
4 91 - Vigneux-sur-Seine
49%
5 77 - Savigny-le-Temple-Nandy
48%
4 91 - Montgeron-Crosne
47%
5 77 - Lieusaint-Moissy
46%
5 77 - Cesson
44%
5 91 - Boussy-Saint-Antoine
43%
Hors Île de France 60 - La Borne Blanche
40%
Hors Île de France 60 - Chantilly-Gouvieux
38%
5 91 - Orangis-Bois de l'Epine
38%
5 95 - Les Noues
37%
5 95 - Survilliers-Fosses
35%
5 91 - Mennecy
32%
5 91 - Grand Bourg
31%
5 91 - Villabé
31%
5 91 Terminus La Ferté-Alais
30%
5 91 - Essonnes-Robinson
29%
5 91 - Ballancourt
26%
5 91 - Moulin-Galant
26%
5 77 - Saint-Fargeau
26%
5 77 - Vosves
26%
5 91 - Boutigny
23%
5 91 - Boigneville
22%
5 91 - Le Coudray-Montceaux
22%
5 91 - Maisse
22%
5 91 - Buno-Gironville
20%
5 77 - Ponthierry-Pringy
20%
5 91 - Le Plessis-Chenet
19%
5 77 - Boissise-le-Roi
16%
Aucun quiz correspondant
Distribution des résultats
% des personnes avec chaque résultat
Percentile par nombre de réponses
Votre historique - résultats
Vous n’avez pas pris ce quiz